Littérature québécoise des origines à nos jours: Textes et méthode ( Guide d'enseignement )

Gardado en:
Detalles Bibliográficos
Autor Principal: Claude Cassista ...[et al.]
Formato: Libro
Idioma:Undetermined
Publicado: Québec, Canada Hurtubise HMH 1996
Những chủ đề:
Các nhãn: Engadir etiqueta
Sen Etiquetas, Sexa o primeiro en etiquetar este rexistro!
Thư viện lưu trữ: Trung tâm Học liệu Trường Đại học Cần Thơ
LEADER 00685nam a2200181Ia 4500
001 CTU_41277
008 210402s9999 xx 000 0 und d
082 |a 840.9 
082 |b L777 
100 |a Claude Cassista ...[et al.] 
245 0 |a Littérature québécoise des origines à nos jours: Textes et méthode ( Guide d'enseignement ) 
245 0 |c Claude Cassista ...[et al.] 
260 |a Québec, Canada 
260 |b Hurtubise HMH 
260 |c 1996 
650 |a french-canadian literature - québec ( province ) - history and criticism,french-canadian literature - study and teaching 
904 |i Minh, 010517 
980 |a Trung tâm Học liệu Trường Đại học Cần Thơ